Advances in Geoinformatics Remote Sensing and GIS: Concept, Principle and Applications / by Gouri Sankar Bhunia, Uday Chatterjee, Gopal Krishna Panda (Record no. 52396)

MARC details
000 -LEADER
fixed length control field 00660nam a22001817a 4500
003 - CONTROL NUMBER IDENTIFIER
control field OSt
008 - FIXED-LENGTH DATA ELEMENTS--GENERAL INFORMATION
fixed length control field 260627b |||||||| |||| 00| 0 eng d
020 ## - INTERNATIONAL STANDARD BOOK NUMBER
International Standard Book Number 9788170196860
082 ## - DEWEY DECIMAL CLASSIFICATION NUMBER
Classification number 910.285
Item number B57A
100 ## - MAIN ENTRY--PERSONAL NAME
Personal name Bhunia, Gouri Sankar
245 ## - TITLE STATEMENT
Title Advances in Geoinformatics Remote Sensing and GIS: Concept, Principle and Applications / by Gouri Sankar Bhunia, Uday Chatterjee, Gopal Krishna Panda
260 ## - PUBLICATION, DISTRIBUTION, ETC. (IMPRINT)
Place of publication, distribution, etc Delhi :
Name of publisher, distributor, etc Today & Tomorrow Printers and Publishers,
Date of publication, distribution, etc 2021.
300 ## - PHYSICAL DESCRIPTION
Extent 359 p.
650 ## - SUBJECT ADDED ENTRY--TOPICAL TERM
Topical term or geographic name as entry element History & Geography | Geography and Travel | Geoinformatics
700 ## - ADDED ENTRY--PERSONAL NAME
Personal name Chatterjee, Uday
700 ## - ADDED ENTRY--PERSONAL NAME
Personal name Panda, Gopal Krishna
942 ## - ADDED ENTRY ELEMENTS (KOHA)
Source of classification or shelving scheme
Koha item type Books
Holdings
Withdrawn status Lost status Source of classification or shelving scheme Damaged status Not for loan Home library Current library Shelving location Date acquired Source of acquisition Cost, normal purchase price Total Checkouts Full call number Barcode Date last seen Bill Date Koha item type Bill Number
          Dr. Rajendra Prasad Central Agricultural University Pusa, Dr. Rajendra Prasad Central Agricultural University Pusa, General Stacks 27/06/2026 Today & Tomorrow Printers and Publishers 4595.00   910.285 B57A 87606 27/06/2026 29/01/2026 Books Bill No. IN-00449
Hosted, Implemented, Customized & Maintained by: BestBookBuddies

Powered by Koha